Questionnaire à choix multiples Culture Générale #1 - Statistiques

Statistiques générales
  • Ce quiz a été pris 46 fois
  • Le résultat moyen est 5 sur 15
Statistiques - réponses
Question Réponse % Correct
Qui a composé l’œuvre Scènes de Ballet? Igor Stravinsky
65%
Dans quels domaines sont utilisés la micronisation? Les Deux
59%
Lequel de ces clubs de football n’est pas Islandais? Sxìbracxs āzęrÿúįøp
59%
Dans quel département est situé le Grand Lac de Laffrey? L’Isère
41%
Qu’est-ce que le Kessler? Un vin Alsacien
41%
De quelle origine est Todor Ivanchov? Bulgarie
35%
Laquelle de ces réponses n'est pas La Déposition? Un extrait de la Bible
35%
Dans laquelle de ces écuries de F1 Adrian Newey n'est jamais passé? Mercedes-Benz
29%
Qui était Nicolas Gauvrit? Un Mathématicien
29%
Lequel de ces albums n'est pas un album du groupe Baby Chaos? Stereodreamscene
24%
Laquelle de ces affirmations sur Aulis est-elle fausse? Elle est située à une vingtaine de kilomètres à l’ouest de Thèbes
12%
Sur quelle console Dragon's Lair II: Time Wrap n'est pas sorti? Panasonic 3DO
12%
Où s’est déroulé le Asia Pacific Poker Tour 2020? Taipei
12%
Comment sont appelés les habitants de la ville de Pronleroy? Les prompeloniens
6%
Lequel de ces chevaux de course n’est pas un cheval d’obstacle? Le Sysonby
0%
Aucun quiz correspondant
Distribution des résultats
% des personnes avec chaque résultat
Percentile par nombre de réponses
Votre historique - résultats
Vous n’avez pas pris ce quiz